Environmentálne a sociálne aspekty determinujúce udržateľnosť predaja kozmetiky a detergentov
Na minha lista:
| Autor principal: | |
|---|---|
| Outros Autores: | |
| Formato: | Manuscrito Livro |
| Idioma: | eslovaco |
| Publicado em: |
2024
|
| Assuntos: | |
| Acesso em linha: | http://is.stuba.sk/zp/portal_zp.pl?podrobnosti=177339 |
| Tags: |
Sem tags, seja o primeiro a adicionar uma tag!
|
MARC
| LEADER | 00000ntm a22000003a 4500 | ||
|---|---|---|---|
| 001 | stuzp99452 | ||
| 003 | SK-STU | ||
| 005 | 20240601210813.8 | ||
| 007 | ta | ||
| 008 | 150427s2015----xo-----f-mn---000-0-slo-d | ||
| 040 | |a STU |b slo | ||
| 041 | 0 | |a slo | |
| 100 | 1 | |a Konderíková, Kristína |u 902024 |4 aut |U Ústav manažmentu STU |T ÚM - Oddelenie manažmentu chemických a potravinárskych technológií |X 97498 |U R2024 |Y 408 |7 97498 | |
| 242 | 0 | 1 | |a Environmental and social aspects determining the sustainability of sales of cosmetics and detergents |y eng |
| 245 | 1 | 0 | |a Environmentálne a sociálne aspekty determinujúce udržateľnosť predaja kozmetiky a detergentov |
| 260 | |c 2024 | ||
| 650 | 4 | |a marketing |2 slo | |
| 650 | 4 | |a distribúcia |2 slo | |
| 650 | 4 | |a spotrebný tovar |2 slo | |
| 650 | 4 | |a spotrebiteľské správanie |2 slo | |
| 650 | 4 | |a marketing |2 eng | |
| 650 | 4 | |a distribution |2 eng | |
| 650 | 4 | |a consumer goods |2 eng | |
| 650 | 4 | |a consumer behaviour |2 eng | |
| 700 | 1 | |a Lisnik, Anton |u 902024 |k Z1 |4 ths |U Ústav manažmentu STU |T ÚM - Oddelenie manažmentu chemických a potravinárskych technológií |X 114207 |U R2024 |Y 408 |7 114207 | |
| 856 | 4 | |u http://is.stuba.sk/zp/portal_zp.pl?podrobnosti=177339 | |